header

Making it in the political blogosphere (Record no. 47386)

MARC details
000 -LEADER
fixed length control field 01290nam a2200325Ia 4500
100 1# - MAIN ENTRY--AUTHOR NAME
Personal name Haas, Tanni.
245 10 - TITLE STATEMENT
Title Making it in the political blogosphere
260 ## - PUBLICATION, DISTRIBUTION, ETC. (IMPRINT)
Place of publication Cambridge, U.K. :
Name of publisher Lutterworth Press,
Year of publication 2011.
300 ## - PHYSICAL DESCRIPTION
Number of Pages 174 p.
650 #0 - SUBJECT ADDED ENTRY--TOPICAL TERM
Topical Term Blogs
Topical Term Blogs
Topical Term Political participation
856 40 - ELECTRONIC LOCATION AND ACCESS
Uniform Resource Identifier http://site.ebrary.com/lib/rucke/Doc?id=10634170

No items available.

© 2026 Rongo University
Contact us: librarian | system librarian | Rongo university